| 000 | 00928cam a22002893a 4500 | ||
|---|---|---|---|
| 001 | 5323 | ||
| 003 | PGUSA | ||
| 005 | 20140828083118.0 | ||
| 008 | 040301s2004||||xxu|||||s|||||000 1 eng d | ||
| 040 |
_aPGUSA _beng |
||
| 042 | _adc | ||
| 050 | 4 | _aPT | |
| 100 | 1 |
_aFontane, Theodor, _d1819-1898 |
|
| 245 | 1 | 0 |
_aEffi Briest _h[electronic resource] / _cTheodor Fontane |
| 260 |
_bProject Gutenberg, _c2004 |
||
| 506 | _aPublic domain in the USA. | ||
| 516 | _aElectronic text | ||
| 653 | _aDidactic fiction | ||
| 653 | _aPrussia (Germany) -- Social life and customs -- 19th century -- Fiction | ||
| 653 | _aBerlin (Germany) -- Social life and customs -- 19th century -- Fiction | ||
| 653 | _aNational characteristics, Prussian -- Fiction | ||
| 653 | _aTeenage girls -- Fiction | ||
| 653 | _aAdultery -- Fiction | ||
| 830 | 0 |
_aProject Gutenberg _v5323 |
|
| 856 | 4 | 0 | _uhttp://www.gutenberg.org/ebooks/5323 |
| 942 | _cEB | ||
| 999 |
_c234652 _d234652 |
||